Literatura castellana

Saved in:
Bibliografiske detaljer
Hovedforfatter: Bell, Aubrey F. G (Author)
Format: Bog
Sprog:spansk
Udgivet: Barcelona Juventud 1947
Fag:
Tags: Tilføj Tag
Ingen Tags, Vær først til at tagge denne postø!

MARC

LEADER 00000nam a2200000 a 4500
001 UCT6690
003 CL-VaPUC
008 970113e19470000SP |||||||||||||||||spa|d
082 0 4 |a 860.9  |b BEL  |2 21 
100 0 |a Bell, Aubrey F. G  |e author  |9 376936 
245 1 0 |a Literatura castellana 
300 |a 281 p 
942 |c BK 
945 |d 19970113 00:00:00  |a rleighto 
260 |a Barcelona  |b Juventud  |c 1947 
650 0 |a Literatura española  |9 306261 
650 0 |a Historia y crítica   |9 257407 
650 0 |a Crítica literaria   |9 269189 
583 |a last modification  |c 20160620 04:20:17  |k Rodrigo Vera 
999 |c 255368  |d 255366 
952 |0 0  |1 0  |4 0  |6 860_900000000000000_BEL_1947  |7 0  |8 A  |9 277583  |a BIBEDU  |b BIBEDU  |d 2019-11-19  |i 3268489  |o 860.9 BEL 1947  |p 3268489  |r 2019-11-19  |w 2019-11-19  |y BK  |k LIT